00349nam a2200109Ia 4500008004100000245006200041260002800103260000900131650001800140650001500158856006600173170221s9999 xx 000 0 und d 4aThe Nanking Atrocity: Still and Moving Images 1937–1945 bMedia and Communication c2016 xCommunication xMedia Arts uhttp://www.librelloph.com/mediaandcommunication/issue/current